Statistics for Portugal World Cup 2022 Squad

Click here to take the quiz!

General Stats

  • This quiz has been taken 21 times
  • The average score is 21 of 26

Answer Stats

PositionClubPlayer% Correct
FWRB LeipzigAndre Silva
95%
DFSL BenficaAntonio Silva
95%
FWManchester CityBernardo Silva
95%
FWManchester UnitedCristiano Ronaldo
95%
DFManchester UnitedDiogo Dalot
95%
DFFC PortoPepe
95%
DFManchester CityRuben Dias
95%
MFManchester UnitedBruno Fernandes
89%
DFManchester CityJoao Cancelo
89%
FWAtletico MadridJoao Felix
89%
FWAC MilanRafael Leao
89%
MFWolvesRuben Neves
89%
GKWolvesJose Sa
84%
DFPSGNuno Mendes
84%
DFBorussia DortmundRaphael Guerreiro
84%
GKAS RomaRui Patricio
79%
MFPSGVitinha
79%
GKFC PortoDiogo Costa
74%
FWSL BenficaGoncalo Ramos
68%
DFPSGDanilo Pereira
63%
MFFulhamJoao Palhinha
63%
MFWolvesMatheus Nunes
58%
FWSC BragaRicardo Horta
58%
MFReal BetisWilliam Carvalho
58%
MFFC PortoOtavio
47%
MFSL BenficaJoao Mario
42%

Score Distribution

Percentile by Number Answered

Percent of People with Each Score

Your Score History

You have not taken this quiz